Normal view
MARC view
- TECHNOLOGY & ENGINEERING
Entry Topical Term
001 - CONTROL NUMBER
- control field: 86468
003 - CONTROL NUMBER IDENTIFIER
- control field: NUST
005 - DATE AND TIME OF LATEST TRANSACTION
- control field: 20211213104457.0
008 - FIXED-LENGTH DATA ELEMENTS
- fixed length control field: 211213|| aca||aabn | a|a d
040 ## - CATALOGING SOURCE
- Original cataloging agency: NUST
- Transcribing agency: NUST
150 ## - HEADING--TOPICAL TERM
- Topical term or geographic name entry element: TECHNOLOGY & ENGINEERING
- General subdivision: Metallurgy
670 ## - SOURCE DATA FOUND
- Source citation: Work cat.: (NUST)32275: Smallman, R. E. 86463, Physical Metallurgy and Advanced Materials, 2007.
